[Event "Superbet POL Blitz 2025"]
[Site "Warsaw POL"]
[Date "2025.04.30"]
[Round "16.5"]
[White "Praggnanandhaa, R"]
[Black "Topalov, Veselin"]
[Result "1-0"]
[WhiteTitle "GM"]
[BlackTitle "GM"]
[WhiteElo "2758"]
[BlackElo "2717"]
[WhiteFideId "25059530"]
[BlackFideId "2900084"]
[EventDate "2025.04.29"]

1. b3 Nf6 2. Bb2 c5 3. c4 e6 4. Nf3 b6 5. g3 Bb7 6. Bg2 Be7 7. O-O O-O 8. d4
cxd4 9. Qxd4 d6 10. Nc3 a6 11. Rfd1 Nbd7 12. e4 Qc7 13. Qe3 Rfe8 14. Rac1 Rad8
15. Nd4 Bf8 16. Re1 Qb8 17. h3 g6 18. Rcd1 Ba8 19. g4 Bg7 20. Qg3 Nc5 21. Ba1 e5
22. Nc2 Ne6 23. Bb2 Bh6 24. h4 Bf4 25. Qh3 Bb7 26. Nb4 g5 27. Nbd5 Bxd5 28. exd5
Nd4 29. hxg5 Bxg5 30. Ne4 Nxe4 31. Bxe4 h6 32. Kg2 Kg7 33. Rxd4 exd4 34. Bxd4+
Kf8 35. Qf3 Re5 36. Bxe5 dxe5 37. Qf5 Qd6 38. Bd3 Bf4 39. g5 hxg5 40. Rh1 Ke7
41. Rh7 Rf8 42. Qh3 Qf6 43. b4 e4 44. Bxe4 Qe5 45. Bf3 Qd4 46. Qe6+ Kd8 47. Rxf7
Rh8 48. Qd7# 1-0

[Event "Superbet POL Blitz 2025"]
[Site "Warsaw POL"]
[Date "2025.04.30"]
[Round "17.1"]
[White "Vachier-Lagrave, Maxime"]
[Black "Firouzja, Alireza"]
[Result "1/2-1/2"]
[WhiteTitle "GM"]
[BlackTitle "GM"]
[WhiteElo "2722"]
[BlackElo "2757"]
[WhiteFideId "623539"]
[BlackFideId "12573981"]
[EventDate "2025.04.29"]

1. e4 c6 2. d4 d5 3. Nc3 dxe4 4. Nxe4 Bf5 5. Ng3 Bg6 6. h4 h6 7. Bd3 Bxd3 8.
Qxd3 e6 9. Bd2 Nf6 10. N1e2 Be7 11. O-O-O O-O 12. Kb1 c5 13. Be3 Nc6 14. dxc5
Qxd3 15. Rxd3 Ng4 16. Ne4 f5 17. Nd6 e5 18. f3 Nxe3 19. Rxe3 b6 20. Nc3 bxc5 21.
Nc4 Bf6 22. Nd5 Rad8 23. Rd3 Kf7 24. h5 Rd7 25. Nde3 Rxd3 26. cxd3 Ke6 27. a3
Rd8 28. Kc2 Nd4+ 29. Kd1 Rb8 30. Nc2 Nc6 31. Ke2 a5 32. a4 f4 33. Kd2 Bd8 34.
Ra1 Bc7 35. Rg1 Ne7 36. g4 Kf6 37. N2a3 Nc6 38. Nb5 Rb7 39. Kc3 Bb8 40. Nd2 Nd4
41. Ne4+ Ke7 42. Nxd4 cxd4+ 43. Kc2 Rb6 44. Rc1 Bd6 45. Kb1 Kd7 46. Rc4 Be7 47.
Kc2 g6 48. hxg6 Rxg6 49. Kd1 h5 50. gxh5 Rh6 51. Rc2 Rxh5 52. Rg2 Rh1+ 53. Kc2
Rh3 54. Nd2 Bb4 55. Nc4 Ke6 56. Rf2 Kf6 57. Kd1 Rh1+ 58. Kc2 Re1 59. Nb6 Bd6 60.
Kb3 Kg5 61. Rg2+ Kh4 62. Kc4 Re3 63. Kd5 Rxf3 64. Kxd6 Re3 65. Nc4 f3 66. Rg8 f2
67. Rf8 Kg3 68. Nxe5 Re1 69. Kd5 f1=Q 70. Rxf1 Rxf1 71. Kxd4 Rf4+ 72. Kc5 Rxa4
73. Nc4 Kf4 74. d4 Ra1 75. d5 Kf5 76. b3 a4 77. bxa4 Rxa4 78. d6 Ke6 79. d7 Kxd7
80. Nb6+ Ke6 81. Nxa4 1/2-1/2

[Event "Superbet POL Blitz 2025"]
[Site "Warsaw POL"]
[Date "2025.04.30"]
[Round "17.2"]
[White "Topalov, Veselin"]
[Black "Gavrilescu, David"]
[Result "1-0"]
[WhiteTitle "GM"]
[BlackTitle "GM"]
[WhiteElo "2717"]
[BlackElo "2554"]
[WhiteFideId "2900084"]
[BlackFideId "1227190"]
[EventDate "2025.04.29"]

1. c4 e6 2. Nf3 d5 3. e3 Nf6 4. b3 Bd6 5. d4 b6 6. Bb2 O-O 7. Nc3 Bb7 8. cxd5
exd5 9. g3 Re8 10. Bg2 Ba6 11. a3 Nc6 12. b4 Ne7 13. b5 Bb7 14. O-O a6 15. a4
Ng6 16. Qb3 Qd7 17. Rfc1 h5 18. bxa6 Rxa6 19. Nb5 Ne4 20. Nxd6 Qxd6 21. Ne5 Nxe5
22. dxe5 Qd7 23. a5 h4 24. f3 Ng5 25. gxh4 Nh3+ 26. Kf1 d4 27. Bxd4 c5 28. Bb2
Qf5 29. Qc2 Qc8 30. axb6 Rxb6 31. Ra4 Ba6+ 32. Ke1 Ng1 33. Kf2 Nh3+ 34. Kg3 Rg6+
35. Rg4 Rxg4+ 36. fxg4 1-0

[Event "Superbet POL Blitz 2025"]
[Site "Warsaw POL"]
[Date "2025.04.30"]
[Round "17.3"]
[White "Duda, Jan-Krzysztof"]
[Black "Deac, Bogdan-Daniel"]
[Result "1/2-1/2"]
[WhiteTitle "GM"]
[BlackTitle "GM"]
[WhiteElo "2739"]
[BlackElo "2668"]
[WhiteFideId "1170546"]
[BlackFideId "1226380"]
[EventDate "2025.04.29"]

1. e4 e5 2. Bc4 Nf6 3. d3 Nc6 4. Nf3 Bc5 5. c3 d6 6. O-O a5 7. Nbd2 O-O 8. Re1
Ba7 9. Nf1 Be6 10. b3 h6 11. Ng3 Re8 12. h3 d5 13. exd5 Bxd5 14. Bb5 Qd6 15. Nf5
Qc5 16. Bxc6 Qxf2+ 17. Kh1 Bxc6 18. Rf1 Bxf3 19. gxf3 Qb6 20. d4 Qe6 21. Qd3
exd4 22. cxd4 Qe2 23. Qxe2 Rxe2 24. Rg1 g6 25. Bxh6 Rae8 26. Rad1 c6 27. Bf4 Nd5
28. Bd6 R8e6 29. Bh2 Rxa2 30. Ng3 Rb2 31. Ne4 Rxb3 32. Rb1 Rxb1 33. Rxb1 b5 34.
Ng5 Re8 35. Rc1 Rc8 36. Ne4 a4 37. Nd6 Ra8 38. Rxc6 b4 39. Ra6 a3 40. Nb5 b3 41.
Rxa3 b2 42. Rb3 Bb6 43. Rxb2 Rc8 44. Rb1 Rc2 45. Be5 f6 46. Bg3 Rc6 47. h4 Kg7
48. Bf2 Bd8 49. Kg1 Rb6 50. Kf1 Be7 51. Nc3 Rxb1+ 52. Nxb1 Kf7 53. Nd2 Ke6 54.
Nc4 Nf4 55. Ne3 Nd5 56. Nc2 Nf4 57. Bg3 Nd5 58. Ke2 f5 59. Kd3 Nb6 60. Ne3 Nd5
61. Nc4 Bf6 62. Bf2 Nf4+ 63. Kc3 Ne2+ 64. Kd3 Nf4+ 65. Kd2 Ng2 66. Nb6 Bxh4 67.
Bxh4 Nxh4 68. Ke3 g5 69. Nc4 Ng6 70. Nb6 Ne7 71. Nc4 Nd5+ 72. Kf2 Nf6 73. Ne3
Nd5 74. Nc4 Ne7 75. Ke3 Nd5+ 76. Kd2 g4 77. fxg4 fxg4 78. Ne5 g3 79. Ke2 Nf4+
80. Kf3 g2 81. Kf2 Kd5 82. Nf3 Ke4 83. Ne1 Kxd4 84. Nxg2 Nxg2 1/2-1/2

[Event "Superbet POL Blitz 2025"]
[Site "Warsaw POL"]
[Date "2025.04.30"]
[Round "17.4"]
[White "Praggnanandhaa, R"]
[Black "Aravindh, Chithambaram VR."]
[Result "1-0"]
[WhiteTitle "GM"]
[BlackTitle "GM"]
[WhiteElo "2758"]
[BlackElo "2749"]
[WhiteFideId "25059530"]
[BlackFideId "5072786"]
[EventDate "2025.04.29"]

1. b3 b6 2. e4 Bb7 3. Nc3 e6 4. Bb2 c5 5. d4 cxd4 6. Qxd4 Nf6 7. f3 Bc5 8. Qd2
d5 9. O-O-O O-O 10. Nge2 Nc6 11. exd5 exd5 12. Na4 Re8 13. Nxc5 bxc5 14. Nc3 d4
15. Na4 Qd6 16. Ba3 Nd7 17. Bd3 a5 18. Be4 Reb8 19. Rhe1 Nb4 20. c3 Qc7 21. cxb4
cxb4+ 22. Qc2 Qxc2+ 23. Bxc2 bxa3 24. Rxd4 Nf6 25. Nb6 Ra6 26. Nc4 a4 27. bxa4
Bd5 28. Nxa3 g6 29. Re5 Bxa2 30. Rb5 Rc8 31. Kb2 Be6 32. Bb3 Bxb3 33. Kxb3 Re6
34. Nc4 Re1 35. Rd2 Rb1+ 36. Rb2 Rc1 37. Nb6 R8c6 38. a5 Ne8 39. a6 Nc7 40. a7
Ra1 41. Ra2 Rb1+ 42. Rb2 Ra1 43. Rb4 Rxa7 44. Nc8 Raa6 1-0

[Event "Superbet POL Blitz 2025"]
[Site "Warsaw POL"]
[Date "2025.04.30"]
[Round "17.5"]
[White "Fedoseev, Vladimir3"]
[Black "Aronian, Levon"]
[Result "1-0"]
[WhiteTitle "GM"]
[BlackTitle "GM"]
[WhiteElo "2739"]
[BlackElo "2747"]
[WhiteFideId "24130737"]
[BlackFideId "13300474"]
[EventDate "2025.04.29"]

1. d4 Nf6 2. Bg5 Ne4 3. Bf4 c5 4. f3 Qa5+ 5. c3 Nf6 6. d5 e6 7. e4 exd5 8. exd5
d6 9. Na3 Be7 10. Nc4 Qd8 11. g4 O-O 12. Ne2 Nbd7 13. Ng3 b5 14. Ne3 Rb8 15.
Ngf5 Nb6 16. Nxe7+ Qxe7 17. Kf2 Rd8 18. b3 c4 19. Qd4 Bb7 20. bxc4 bxc4 21. Bxc4
Nxc4 22. Qxc4 Nd7 23. Qd4 Ne5 24. Nf5 Qf6 25. h4 h6 26. Kg3 Rbc8 27. Rhe1 Rd7
28. Bxe5 dxe5 29. Rxe5 Kh7 30. Rae1 g6 31. Nxh6 Qd6 32. g5 f5 33. gxf6 Kxh6 34.
Qf4+ Kh7 35. Re7+ Kg8 36. Rg7+ Kf8 37. Rxd7 Qxd7 38. Re7 1-0

[Event "Superbet POL Blitz 2025"]
[Site "Warsaw POL"]
[Date "2025.04.30"]
[Round "18.1"]
[White "Aronian, Levon"]
[Black "Duda, Jan-Krzysztof"]
[Result "1/2-1/2"]
[WhiteTitle "GM"]
[BlackTitle "GM"]
[WhiteElo "2747"]
[BlackElo "2739"]
[WhiteFideId "13300474"]
[BlackFideId "1170546"]
[EventDate "2025.04.29"]

1. d4 Nf6 2. c4 e6 3. Nf3 d5 4. Nc3 c6 5. e3 Nbd7 6. Qc2 b6 7. Bd3 Bb7 8. O-O
Be7 9. b3 dxc4 10. bxc4 c5 11. Qe2 O-O 12. Bb2 Qc7 13. Rad1 cxd4 14. exd4 Rfe8
15. Ne5 Nxe5 16. dxe5 Qc6 17. f4 Nd7 18. Be4 Qc8 19. Rf3 Nc5 20. Bxh7+ Kxh7 21.
Rh3+ Kg8 22. Qh5 f6 23. Nd5 exd5 24. exf6 Bxf6 25. Bxf6 Qxh3 26. Qxh3 gxf6 27.
cxd5 Re7 28. Qf5 Nd7 29. h4 Rae8 30. h5 Ba6 31. d6 Re6 32. Qg6+ Kh8 33. Qf7 Re2
34. Qxd7 Rg8 35. Qh3 Bb7 36. d7 Bxg2 37. Qh4 Bh3+ 38. Kh1 Bg2+ 39. Kg1 Bh3+ 40.
Kh1 Bg2+ 41. Kg1 1/2-1/2

[Event "Superbet POL Blitz 2025"]
[Site "Warsaw POL"]
[Date "2025.04.30"]
[Round "18.2"]
[White "Aravindh, Chithambaram VR."]
[Black "Vachier-Lagrave, Maxime"]
[Result "0-1"]
[WhiteTitle "GM"]
[BlackTitle "GM"]
[WhiteElo "2749"]
[BlackElo "2722"]
[WhiteFideId "5072786"]
[BlackFideId "623539"]
[EventDate "2025.04.29"]

1. e4 c5 2. Nf3 d6 3. d4 cxd4 4. Nxd4 Nf6 5. Nc3 a6 6. g3 e5 7. Nde2 Nbd7 8. a4
b6 9. Bg2 Bb7 10. h3 h5 11. Bg5 Be7 12. O-O Rc8 13. Qd2 O-O 14. Rad1 Rc7 15. f4
Re8 16. Kh2 Qa8 17. Nd5 Nxd5 18. exd5 Bf6 19. Nc3 exf4 20. Qxf4 Qd8 21. Bh4 Re5
22. Ne4 Rxc2 23. Nxf6+ Nxf6 24. Rd2 Rxd2 25. Qxd2 Qe7 26. Rf2 g5 27. Bxg5 Ng4+
28. hxg4 Qxg5 29. Qb4 hxg4 30. Qxd6 Bxd5 31. Bxd5 Rxd5 32. Qf4 Qh5+ 33. Kg1 Rd1+
34. Rf1 Qc5+ 35. Kg2 Qc2+ 36. Kg1 Rxf1+ 37. Kxf1 Qb1+ 38. Ke2 Qxb2+ 39. Kd3 Qb3+
40. Kd2 Qe6 41. Qg5+ Kh7 42. Qd8 b5 43. axb5 axb5 44. Qd3+ Kh6 45. Qxb5 Qd6+ 46.
Ke2 Qxg3 47. Qc6+ Kg7 48. Qd5 Qf4 49. Qh5 g3 50. Qh3 Kg6 51. Qh8 Qf2+ 52. Kd3 g2
53. Qg8+ Kh5 54. Qh7+ Kg4 55. Qg7+ Kh3 56. Qh7+ Qh4 57. Qf5+ Kh2 0-1

[Event "Superbet POL Blitz 2025"]
[Site "Warsaw POL"]
[Date "2025.04.30"]
[Round "18.3"]
[White "Gavrilescu, David"]
[Black "Praggnanandhaa, R"]
[Result "0-1"]
[WhiteTitle "GM"]
[BlackTitle "GM"]
[WhiteElo "2554"]
[BlackElo "2758"]
[WhiteFideId "1227190"]
[BlackFideId "25059530"]
[EventDate "2025.04.29"]

1. e4 d5 2. exd5 Qxd5 3. Nf3 Nf6 4. d4 Bf5 5. Be2 e6 6. O-O Be7 7. c4 Qd8 8. Nc3
Nbd7 9. Qb3 Qc8 10. Bf4 O-O 11. Nh4 Bg4 12. Bxg4 Nxg4 13. Nf3 Ngf6 14. Rfe1 Re8
15. Rad1 a6 16. d5 exd5 17. cxd5 b5 18. h3 Qb7 19. Ng5 Nc5 20. Qc2 h6 21. Nf3 b4
22. Na4 Nxa4 23. Qxa4 Nxd5 24. Bg3 Nb6 25. Qb3 c5 26. Ne5 Bf6 27. Ng4 Bd4 28.
Be5 Bxe5 29. Nxe5 Rad8 30. Rxd8 Rxd8 31. a3 a5 32. Ng4 c4 33. Qg3 Qc6 34. Qe5
bxa3 35. bxa3 c3 36. Rc1 Nd5 37. Qd4 Qc7 38. g3 c2 39. Qe4 Nc3 40. Rxc2 Qxg3+
41. fxg3 Nxe4 42. Ne3 Rd3 43. Nc4 a4 44. g4 Rxh3 45. Re2 Rg3+ 46. Kh2 Rxg4 47.
Kh3 f5 48. Ne5 Ng5+ 49. Kh2 Re4 0-1

[Event "Superbet POL Blitz 2025"]
[Site "Warsaw POL"]
[Date "2025.04.30"]
[Round "18.4"]
[White "Firouzja, Alireza"]
[Black "Fedoseev, Vladimir3"]
[Result "0-1"]
[WhiteTitle "GM"]
[BlackTitle "GM"]
[WhiteElo "2757"]
[BlackElo "2739"]
[WhiteFideId "12573981"]
[BlackFideId "24130737"]
[EventDate "2025.04.29"]

1. e4 c5 2. Nf3 Nc6 3. Bb5 Nf6 4. Bxc6 dxc6 5. d3 Qc7 6. b3 g6 7. Bb2 Bg7 8.
Nbd2 O-O 9. Qe2 a5 10. a4 Nh5 11. Bxg7 Kxg7 12. Qe3 Nf4 13. O-O b6 14. Nc4 Rb8
15. Nfe5 Ne6 16. f4 b5 17. Nxa5 Qxa5 18. Nxc6 Qc7 19. Nxb8 b4 20. Rac1 Qxb8 21.
c3 bxc3 22. Rxc3 Qb4 23. Rfc1 Ba6 24. h4 Qd4 25. Qxd4+ cxd4 26. Rc6 Nxf4 27. Rd1
Bxd3 28. b4 Bxe4 29. Rc7 Nd5 30. Rc5 e5 31. a5 Nxb4 32. Rxe5 Bc2 33. Rd2 d3 34.
Rc5 Re8 35. Kf2 Re6 36. Rc4 Nd5 37. Rd4 Nc3 0-1

[Event "Superbet POL Blitz 2025"]
[Site "Warsaw POL"]
[Date "2025.04.30"]
[Round "18.5"]
[White "Deac, Bogdan-Daniel"]
[Black "Topalov, Veselin"]
[Result "1-0"]
[WhiteTitle "GM"]
[BlackTitle "GM"]
[WhiteElo "2668"]
[BlackElo "2717"]
[WhiteFideId "1226380"]
[BlackFideId "2900084"]
[EventDate "2025.04.29"]

1. e4 c5 2. Nf3 Nc6 3. d4 cxd4 4. Nxd4 g6 5. c4 Bg7 6. Be3 Nf6 7. Nc3 d6 8. f3
O-O 9. Qd2 e6 10. Nc2 d5 11. cxd5 exd5 12. exd5 Ne7 13. O-O-O Nf5 14. Bg5 h6 15.
Bf4 Nh5 16. Be3 Nxe3 17. Qxe3 Re8 18. Qd2 Qd6 19. Bb5 Rd8 20. Rhe1 a6 21. Bf1
Bd7 22. g3 Rac8 23. Kb1 Rxc3 24. bxc3 Qb6+ 25. Ka1 Qc5 26. Nd4 Ba4 27. Rc1 Rxd5
28. Qb2 Kh7 29. Kb1 Rd6 30. Nb3 Qc7 31. Re3 Nf6 32. Rd3 Nd5 33. Qd2 Bxb3 34.
axb3 Qb6 35. b4 Nxc3+ 36. Rcxc3 Qxb4+ 37. Ka2 Bxc3 38. Qxc3 Qxc3 39. Rxc3 Rd2+
40. Kb3 Rxh2 41. Rc7 b5 42. Rxf7+ Kg8 43. Rf4 Kg7 44. Bd3 h5 45. g4 h4 46. g5
Rg2 47. Rxh4 Rxg5 48. Kb4 Rg1 49. Be4 Kf6 50. Rh6 Kg7 51. Rh2 Kf6 52. Ra2 1-0